Справочник трубопроводчика. (ბიბ.ჩანაწერი № 47765)
[ მარტივი ფორმატი ]
| 000 -LEADER | |
|---|---|
| fixed length control field | 00617nam a2200217Ia 4500 |
| 001 - CONTROL NUMBER | |
| control field | 14637 |
| 003 - CONTROL NUMBER IDENTIFIER | |
| control field | GE_BSU |
| 008 - FIXED-LENGTH DATA ELEMENTS--GENERAL INFORMATION | |
| fixed length control field | 181216s||||||||xx |||||||||||||| ||und|| |
| 040 ## - CATALOGING SOURCE | |
| Transcribing agency | GE_BSU |
| 080 ## - UNIVERSAL DECIMAL CLASSIFICATION NUMBER | |
| Universal Decimal Classification number | 695.113(035) |
| 100 ## - MAIN ENTRY--PERSONAL NAME | |
| Personal name | Сапожников,М.М. |
| 245 ## - TITLE STATEMENT | |
| Title | Справочник трубопроводчика. |
| 245 ## - TITLE STATEMENT | |
| Statement of responsibility, etc. | Науч. ред. В.В.Карпов. |
| 260 ## - PUBLICATION, DISTRIBUTION, ETC. | |
| Place of publication, distribution, etc. | Л.- М. |
| 260 ## - PUBLICATION, DISTRIBUTION, ETC. | |
| Name of publisher, distributor, etc. | Госстройиздат. |
| 260 ## - PUBLICATION, DISTRIBUTION, ETC. | |
| Date of publication, distribution, etc. | 1960. |
| 300 ## - PHYSICAL DESCRIPTION | |
| Extent | 211 стр. с илл. 22 см. |
| 300 ## - PHYSICAL DESCRIPTION | |
| Accompanying material | Табл. |
| 653 ## - INDEX TERM--UNCONTROLLED | |
| Uncontrolled term | Справочник трубопроводчика. |
| 942 ## - ADDED ENTRY ELEMENTS (KOHA) | |
| Koha item type | წიგნი |
არაა ხელმისაწვდომი ეგზემპლარები.
